| 000 | 00584nam a2200193 i 4500 | ||
|---|---|---|---|
| 001 | 39242 | ||
| 003 | ES-MaACL | ||
| 005 | 20230906155922.0 | ||
| 007 | t| | ||
| 008 | 030227s1978 pr ||||1| spa d | ||
| 100 | 1 |
_aCambre Mariño, Jesús. _934043 |
|
| 245 | 1 | 0 |
_aPuerto Rico _b: nación secuestrada / _cXesús Cambre Mariño. |
| 260 |
_aCaracas : _bLaborativo Educativo, _c1978. |
||
| 300 |
_a110 p. ; _c20 cm. |
||
| 490 | 1 |
_aCuadernos de educación ; _v54 |
|
| 830 | 0 |
_aCuadernos de educación ; _v54 _9186857 |
|
| 852 |
_aES-MaACL _jA-10412 _bR.99748 |
||
| 999 |
_c39242 _d39242 |
||